| 000 | 01011nam a22003850a 4500 | ||
|---|---|---|---|
| 001 | UByD002220 | ||
| 003 | AR-LpoUNG | ||
| 005 | 20240215170622.0 | ||
| 008 | 231125s2023||||ag |||||||||||||||||spa d | ||
| 020 | _a9789876307062 | ||
| 040 |
_aAR-LpoUNG _bspa _cAR-LpoUNG _eaacr |
||
| 041 | _aspa | ||
| 044 | _aag | ||
| 082 | 0 | _a982.065 825tra | |
| 100 | 1 | _aFranco, Marina | |
| 245 | 1 | 0 |
_a1983 : _btransición, democracia e incertidumbre |
| 250 | _a1ra ed. | ||
| 260 |
_aBuenos Aires : _bUniversidad Nacional de General Sarmiento, _c2023. |
||
| 300 |
_a191 p. : _bfot. |
||
| 490 | 0 |
_aHumanidades ; _vno.1 |
|
| 650 | 4 | _aANALISIS HISTORICO | |
| 650 | 4 | _aARGENTINA | |
| 650 | 4 | _aDEMOCRACIA | |
| 650 | 4 | _aDEMOCRATIZACION | |
| 650 | 4 | _aDERECHOS HUMANOS | |
| 650 | 4 | _aDICTADURA | |
| 650 | 4 | _aVIOLENCIA | |
| 650 | 4 | _aGOBIERNO MILITAR | |
| 650 | 4 | _aHISTORIA POLITICA | |
| 650 | 4 | _aGOBIERNO | |
| 650 | 4 | _aSISTEMAS POLITICOS | |
| 650 | 4 | _aCAMBIO SOCIAL | |
| 905 | _a54992 | ||
| 942 |
_cLIB _2ddc |
||
| 999 |
_c64735 _d64735 |
||